Communication express
Intensive, communicative et stimulante, Communication Express s'adresse a un public d'adultes désireux d'étudier le francais dans une perspective professionnelle (travailler avec des francophones) ou de loisirs (visiter la France). Ce sont souvent des personnes qui disposent de peu...
Wedi'i Gadw mewn:
| Prif Awdur: | |
|---|---|
| Fformat: | Llyfr |
| Iaith: | Undetermined |
| Cyhoeddwyd: |
Paris
CLE international
2000
|
| Pynciau: | |
| Tagiau: |
Ychwanegu Tag
Dim Tagiau, Byddwch y cyntaf i dagio'r cofnod hwn!
|
| Thư viện lưu trữ: | Trung tâm Học liệu Trường Đại học Cần Thơ |
|---|
| LEADER | 01267nam a2200229Ia 4500 | ||
|---|---|---|---|
| 001 | CTU_134035 | ||
| 008 | 210402s9999 xx 000 0 und d | ||
| 020 | |c 177000 | ||
| 082 | |a 448.24 | ||
| 082 | |b S459 | ||
| 100 | |a Seignoux, Bernard | ||
| 245 | 0 | |a Communication express | |
| 245 | 0 | |c Bernard Seignoux, Sergio Cerqueda, Maria Helena Leao | |
| 260 | |a Paris | ||
| 260 | |b CLE international | ||
| 260 | |c 2000 | ||
| 520 | |a Intensive, communicative et stimulante, Communication Express s'adresse a un public d'adultes désireux d'étudier le francais dans une perspective professionnelle (travailler avec des francophones) ou de loisirs (visiter la France). Ce sont souvent des personnes qui disposent de peu de temps. Le premier défi que Communication Express a voulu pour les débutants complets, de 75 à 80 minutes pour les faux débutants et d'une heure pour ceux qui ont déjà étudié le francais et qui, faute de pratique, ne savent pas l'utiliser. | ||
| 650 | |a French language,French language,French language | ||
| 650 | |x Study and teaching,Conversation and phrase books,Spoken French | ||
| 904 | |i Giang | ||
| 910 | |a Sách kèm sách số: SUPPL.000019, SUPPL.000018 | ||
| 980 | |a Trung tâm Học liệu Trường Đại học Cần Thơ | ||